000 00389 a2200145 4500
005 20250627091033.0
020 _a978-0-7517-4799-7
082 _a658 CAT
111 _aCAT
245 _aAdvanced Paper 5 Managing People and Systems
250 _a5th Ed.
260 _aLondon,
_bBPP Learning Media Ltd,
_c2008.
300 _axxviii, 160p.: ill.; picture,
_bindex,
_c29cm.
942 _2ddc
_cBKS
999 _c5566
_d5566